An introduction to six sigma & process improvement

Kaydedildi:
Detaylı Bibliyografya
Yazar: Evans, James R.
Materyal Türü: Kitap
Dil:Undetermined
Baskı/Yayın Bilgisi: Ohio Thomson south-western 2005
Konular:
Etiketler: Etiketle
Etiket eklenmemiş, İlk siz ekleyin!
Thư viện lưu trữ: Trung tâm Học liệu Trường Đại học Cần Thơ
LEADER 00551nam a2200181Ia 4500
001 CTU_213132
008 210402s9999 xx 000 0 und d
082 |a 658.562 
082 |b E92 
100 |a Evans, James R. 
245 3 |a An introduction to six sigma & process improvement 
245 0 |c James R. Evans, William M. Lindsay 
260 |a Ohio 
260 |b Thomson south-western 
260 |c 2005 
650 |a process control.,six sigma (quality control standard) 
904 |i Năm 
980 |a Trung tâm Học liệu Trường Đại học Cần Thơ